| 000 | 00959nac a22002291u 4500 | ||
|---|---|---|---|
| 008 | 100223s2009 nju|||||r|||| 001 0 eng d | ||
| 010 | _a | ||
| 020 | _a0135153107 | ||
| 020 | _a9780135153109 | ||
| 082 | 0 | 0 |
_a658.8 _bARM _222 |
| 100 |
_aArmstrong, Gary _911708 |
||
| 245 | 1 | 0 |
_aMarketing : _bAn Introduction / _cGary Armstrong & Philip Kotler. |
| 250 | _a9th ed. | ||
| 260 |
_aUpper Saddle River, N.J. : _bPearson Prentice Hall,2009 _c2009 |
||
| 300 |
_a644;10 p. : _bCol. ill. ; _c24 cm. |
||
| 504 | _aIncludes bibliographical references and index. | ||
| 650 | 0 |
_aMarketing. _911709 |
|
| 700 | 1 |
_aKotler, Philip. _911710 |
|
| 856 | 4 | 1 |
_3Table of contents _uhttp://www.loc.gov/catdir/toc/ecip0519/2005027193.html |
| 942 |
_cBB _k658.8 ARM _2ddc |
||
| 999 |
_c13468 _d13468 |
||